[Event "8th Amsterdam Summer Open-A 2018"]
[Site "Amsterdam"]
[Date "2018.07.14"]
[Round "8"]
[White "Kollen, Zyon"]
[Black "Hildenbrand, Peter"]
[Result "1-0"]
[WhiteElo "2313"]
[BlackElo "2226"]
[Annotator "NA"]
[PlyCount "99"]
[EventDate "2018.07.07"]
[EventType "swiss"]
[EventCountry "NED"]
[SourceTitle "playchess.com"]
[Source "ChessBase"]
[SourceQuality "1"]
[TimeControl "40/5400+30:1800+30"]

1. e4 {[%emt 0:00:00]} d6 {[%emt 0:00:00]} 2. d4 {[%emt 0:00:00]} Nf6 {[%emt 0:00:00]} 3. Nc3 {[%emt 0:00:00]} e5 {[%emt 0:00:00]} 4. Nf3 {[%emt 0:00:00]} Nbd7 {[%emt 0:00:00]} 5. Bc4 {[%emt 0:00:01]} Be7 {[%emt 0:00:00]} 6. O-O {[%emt 0:00:20]} c6 {[%emt 0:00:19]} 7. a4 {[%emt 0:00:19]} Qc7 {[%emt 0:00:06]} 8. Re1 {[%emt 0:00:36]} h6 {[%emt 0:00:12]} 9. h3 {[%emt 0:08:21]} Nf8 {[%emt 0:01:55] LiveBook: 9 Games} 10. Be3 {[%emt 0:03:12]} g5 {[%emt 0:26:36] [#]} (10... Ng6 $14) 11. dxe5 $1 {[%emt 0:24:42]} dxe5 {[%emt 0:00:03]} 12. Nxe5 $18 {[%emt 0:00:17]} Qxe5 {[%emt 0:00:08]} 13. Bd4 {[%emt 0:00:04]} Qa5 {[%emt 0:27:24]} 14. e5 {[%emt 0:00:41]} Be6 {[%emt 0:19:41]} 15. exf6 {[%emt 0:01:52]} Bb4 {[%emt 0:01:10]} 16. Bxe6 {[%emt 0:17:00]} Nxe6 {[%emt 0:00:02]} 17. Rxe6+ {[%emt 0:00:22]} fxe6 {[%emt 0:00:02]} 18. f7+ {[%emt 0:20:54]} Ke7 {[%emt 0:03:25]} 19. Bxh8 {[%emt 0:05:10]} Rxh8 {[%emt 0:00:02]} 20. Qd4 {[%emt 0:01:02]} Bxc3 {[%emt 0:04:03]} 21. bxc3 {[%emt 0:00:05]} Rf8 {[%emt 0:00:09]} 22. Rd1 {[%emt 0:02:03]} Rxf7 {[%emt 0:05:55]} 23. Qd6+ {[%emt 0:00:25]} Kf6 {[%emt 0:00:23]} 24. Rd3 {[%emt 0:00:33]} Qc7 {[%emt 0:02:31]} 25. Rf3+ {[%emt 0:02:24]} Kg7 {[%emt 0:00:13]} 26. Qd4+ {[%emt 0:03:27]} e5 {[%emt 0:00:14]} 27. Rxf7+ {[%emt 0:00:10]} Kxf7 {[%emt 0:00:01]} 28. Qxa7 {[%emt 0:00:09]} Ke6 {[%emt 0:01:21]} 29. Kf1 {[%emt 0:01:57]} Kd5 {[%emt 0:00:38]} 30. Qe3 {[%emt 0:00:56]} Qa5 {[%emt 0:00:46]} 31. Qf3+ {[%emt 0:01:22]} Ke6 {[%emt 0:03:51]} 32. Qg4+ {[%emt 0:00:22]} Kd5 {[%emt 0:00:47]} 33. Qd7+ {[%emt 0:01:35]} Kc5 {[%emt 0:01:06]} 34. Qxb7 {[%emt 0:03:12]} Qxa4 {[%emt 0:00:16]} 35. Qe7+ {[%emt 0:00:59]} Kd5 {[%emt 0:00:15]} 36. Qd7+ {[%emt 0:00:41]} Kc5 {[%emt 0:00:30]} 37. Qd3 {[%emt 0:00:27]} e4 {[%emt 0:02:23]} 38. Qe3+ {[%emt 0:01:27]} Kd5 {[%emt 0:00:15]} 39. Qd2+ {[%emt 0:00:19]} Kc5 {[%emt 0:00:13]} 40. Ke2 {[%emt 0:00:41]} Qc4+ {[%emt 0:01:56]} 41. Ke3 {[%emt 0:31:13]} Qf1 {[%emt 0:30:07]} 42. Qd4+ {[%emt 0:00:52]} Kb5 {[%emt 0:00:03]} 43. Qb4+ {[%emt 0:00:31]} Ka6 {[%emt 0:00:12]} 44. Qxe4 {[%emt 0:00:16]} Qe1+ {[%emt 0:01:21]} 45. Kf3 {[%emt 0:00:00]} Qc1 {[%emt 0:00:00]} 46. Qxc6+ {[%emt 0:00:00]} Ka5 {[%emt 0:00:00]} 47. Qd5+ {[%emt 0:00:00]} Ka6 {[%emt 0:00:00]} 48. Qd3+ {[%emt 0:00:00]} Ka5 {[%emt 0:00:00]} 49. c4 {[%emt 0:00:00]} Kb4 {[%emt 0:00:00]} 50. Qb3+ {[%emt 0:00:00]} 1-0

[Event "8th Amsterdam Summer Open-A 2018"]
[Site "Amsterdam"]
[Date "2018.07.14"]
[Round "8"]
[White "Van Baar, Esper"]
[Black "Elgersma, Onno"]
[Result "1/2-1/2"]
[WhiteElo "2252"]
[BlackElo "2150"]
[Annotator "NA"]
[PlyCount "159"]
[EventDate "2018.07.07"]
[EventType "swiss"]
[EventCountry "NED"]
[SourceTitle "playchess.com"]
[Source "ChessBase"]
[SourceQuality "1"]
[TimeControl "40/5400+30:1800+30"]

1. d4 {[%emt 0:08:36]} Nf6 {[%emt 0:00:01]} 2. Nf3 {[%emt 0:00:30]} e6 {[%emt 0:00:09]} 3. g3 {[%emt 0:00:27]} d5 {[%emt 0:01:01]} 4. Bg2 {[%emt 0:00:31]} Be7 {[%emt 0:00:20]} 5. O-O {[%emt 0:00:15]} O-O {[%emt 0:00:44]} 6. c4 {[%emt 0:00:10]} dxc4 {[%emt 0:01:49]} 7. Qc2 {[%emt 0:02:27]} a6 {[%emt 0:01:08]} 8. a4 {[%emt 0:00:05]} Bd7 {[%emt 0:00:35]} 9. Qxc4 {[%emt 0:00:31]} Bc6 {[%emt 0:00:27]} 10. Bg5 {[%emt 0:00:15]} a5 {[%emt 0:02:58]} 11. Nc3 {[%emt 0:02:41]} Nbd7 {[%emt 0:04:11]} 12. Rfd1 {[%emt 0:09:21]} h6 {[%emt 0:04:12]} 13. Bc1 {[%emt 0:04:58]} Nb6 {[%emt 0:04:45]} 14. Qb3 {[%emt 0:00:46]} Ne4 {[%emt 0:10:23]} 15. Ne5 {[%emt 0:23:31]} Nxc3 {[%emt 0:03:40]} 16. bxc3 {[%emt 0:02:08]} Bxg2 {[%emt 0:00:40]} 17. Kxg2 {[%emt 0:00:04]} Qd5+ {[%emt 0:01:30]} 18. Qxd5 {[%emt 0:00:05]} exd5 {[%emt 0:00:08]} 19. Ba3 {[%emt 0:01:26]} Rfe8 {[%emt 0:05:43]} 20. Bxe7 {[%emt 0:02:57]} Rxe7 {[%emt 0:02:20]} 21. e3 {[%emt 0:00:39]} f6 {[%emt 0:09:39]} 22. Nd3 {[%emt 0:00:13]} Nc4 {[%emt 0:00:58]} 23. Rab1 {[%emt 0:01:22]} c6 {[%emt 0:01:32]} 24. Nc5 {[%emt 0:09:32]} b6 {[%emt 0:03:23]} 25. Nb3 {[%emt 0:06:06]} Rb8 {[%emt 0:01:11]} 26. Nd2 {[%emt 0:09:43]} Nd6 {[%emt 0:03:58]} 27. Rdc1 {[%emt 0:00:55]} b5 {[%emt 0:13:59]} 28. c4 {[%emt 0:04:37]} Reb7 {[%emt 0:08:47]} 29. cxb5 {[%emt 0:01:34]} cxb5 {[%emt 0:00:18]} 30. Rc5 {[%emt 0:00:17]} bxa4 {[%emt 0:03:39]} 31. Rxb7 {[%emt 0:00:13]} Rxb7 {[%emt 0:00:04]} 32. Rxd5 {[%emt 0:01:11]} Nb5 {[%emt 0:05:48]} 33. Nc4 {[%emt 0:04:10]} a3 {[%emt 0:00:30]} 34. Nxa3 {[%emt 0:00:38]} Nxa3 {[%emt 0:00:07]} 35. Rxa5 {[%emt 0:00:04]} Nc2 {[%emt 0:00:59]} 36. Ra2 {[%emt 0:01:43]} Ne1+ {[%emt 0:03:57]} 37. Kf1 {[%emt 0:00:40]} Nd3 {[%emt 0:00:39]} 38. Ra3 {[%emt 0:02:01]} Nb2 {[%emt 0:02:00]} 39. h4 {[%emt 0:01:19]} Nc4 {[%emt 0:00:29]} 40. Ra4 {[%emt 0:00:46]} Nd2+ {[%emt 0:00:30]} 41. Kg2 {[%emt 0:05:40]} Rb2 {[%emt 0:02:06]} 42. d5 {[%emt 0:00:17]} f5 {[%emt 0:04:59]} 43. Rf4 {[%emt 0:02:20]} g6 {[%emt 0:00:50]} 44. h5 {[%emt 0:01:20]} Kg7 {[%emt 0:02:02]} 45. hxg6 {[%emt 0:00:07]} Kxg6 {[%emt 0:00:15]} 46. d6 {[%emt 0:05:35]} Rb8 {[%emt 0:01:49]} 47. g4 {[%emt 0:04:53]} fxg4 {[%emt 0:00:19]} 48. Rxg4+ {[%emt 0:00:56]} Kf5 {[%emt 0:00:41]} 49. Rg7 {[%emt 0:01:34]} Ne4 {[%emt 0:01:16]} 50. Rh7 {[%emt 0:02:58]} Rg8+ {[%emt 0:01:32]} 51. Kf1 {[%emt 0:00:19]} Rg6 {[%emt 0:00:44]} 52. d7 {[%emt 0:03:06]} Rd6 {[%emt 0:01:28]} 53. Rxh6 {[%emt 0:01:03]} Rxd7 {[%emt 0:00:29]} 54. Rh4 {[%emt 0:00:48]} Rd2 {[%emt 0:02:09]} 55. Rf4+ {[%emt 0:00:08]} Ke5 {[%emt 0:00:04]} 56. Ke1 {[%emt 0:00:34]} Ra2 {[%emt 0:00:15]} 57. Kf1 {[%emt 0:00:11]} Nd2+ {[%emt 0:01:40]} 58. Kg2 {[%emt 0:00:48]} Ra7 {[%emt 0:00:10]} 59. Rg4 {[%emt 0:00:29]} Rf7 {[%emt 0:00:20]} 60. Rg3 {[%emt 0:04:41]} Ne4 {[%emt 0:00:23]} 61. f4+ {[%emt 0:00:19]} Kd5 {[%emt 0:00:29]} 62. Rg8 {[%emt 0:00:06]} Nf6 {[%emt 0:01:06]} 63. Rg5+ {[%emt 0:00:44]} Ke4 {[%emt 0:01:05]} 64. Re5+ {[%emt 0:00:02]} Kd3 {[%emt 0:00:07]} 65. Kf3 {[%emt 0:01:08]} Rh7 {[%emt 0:02:37]} 66. Rf5 {[%emt 0:00:30]} Rh6 {[%emt 0:02:08]} 67. e4 {[%emt 0:00:49]} Kd4 {[%emt 0:00:44]} 68. e5 {[%emt 0:00:49]} Ne4 {[%emt 0:00:42]} 69. Rf8 {[%emt 0:00:06]} Nd2+ {[%emt 0:06:22]} 70. Kg4 {[%emt 0:00:07]} Ke4 {[%emt 0:01:31]} 71. Rf6 {[%emt 0:00:47]} Rh8 {[%emt 0:01:14]} 72. e6 {[%emt 0:00:36]} Re8 {[%emt 0:02:11]} 73. f5 {[%emt 0:01:03]} Ke5 {[%emt 0:01:03]} 74. Rf7 {[%emt 0:00:10]} Ne4 {[%emt 0:00:57]} 75. Kh5 {[%emt 0:02:24]} Nf6+ {[%emt 0:01:38]} 76. Kg6 {[%emt 0:00:17]} Rg8+ {[%emt 0:00:19]} 77. Rg7 {[%emt 0:00:37]} Rxg7+ {[%emt 0:00:55]} 78. Kxg7 {[%emt 0:00:06]} Kxf5 {[%emt 0:00:07]} 79. e7 {[%emt 0:00:02]} Ke6 {[%emt 0:00:16]} 80. e8=N {[%emt 0:00:06]} 1/2-1/2

[Event "8th Amsterdam Summer Open-A 2018"]
[Site "Amsterdam"]
[Date "2018.07.14"]
[Round "8"]
[White "Floor, Dirk"]
[Black "De Boer, Eelke"]
[Result "0-1"]
[WhiteElo "2196"]
[BlackElo "2317"]
[Annotator "NA"]
[PlyCount "142"]
[EventDate "2018.07.07"]
[EventType "swiss"]
[EventCountry "NED"]
[SourceTitle "playchess.com"]
[Source "ChessBase"]
[SourceQuality "1"]
[TimeControl "40/5400+30:1800+30"]

1. d4 {[%emt 0:00:49]} Nf6 {[%emt 0:00:00]} 2. c4 {[%emt 0:00:18]} g6 {[%emt 0:00:00]} 3. Nc3 {[%emt 0:00:24]} Bg7 {[%emt 0:00:00]} 4. e4 {[%emt 0:00:08]} d6 {[%emt 0:00:00]} 5. Bd3 {[%emt 0:00:10]} c5 {[%emt 0:10:25]} 6. d5 {[%emt 0:02:58]} e6 {[%emt 0:03:12]} 7. Nf3 {[%emt 0:03:08]} exd5 {[%emt 0:00:34]} 8. exd5 {[%emt 0:01:03]} O-O {[%emt 0:02:17]} 9. h3 {[%emt 0:00:32]} Re8+ {[%emt 0:03:11]} 10. Be3 {[%emt 0:00:21]} Na6 {[%emt 0:09:00]} 11. O-O {[%emt 0:00:53]} Nc7 {[%emt 0:00:27]} 12. a4 {[%emt 0:01:31]} Rb8 {[%emt 0:08:41]} 13. Qd2 {[%emt 0:05:46]} b6 {[%emt 0:07:27]} 14. Bg5 {[%emt 0:02:23]} Qd7 {[%emt 0:04:09]} 15. Rab1 {[%emt 0:12:46]} Bb7 {[%emt 0:06:34]} 16. Nh2 {[%emt 0:02:45]} Kh8 {[%emt 0:09:32]} 17. f4 {[%emt 0:06:03]} a6 {[%emt 0:06:46]} 18. f5 {[%emt 0:10:30]} Rf8 {[%emt 0:00:18]} 19. Rf4 {[%emt 0:05:50]} b5 {[%emt 0:05:29]} 20. axb5 {[%emt 0:01:22]} axb5 {[%emt 0:00:09]} 21. b3 {[%emt 0:06:30]} Kg8 {[%emt 0:04:16]} 22. Rbf1 {[%emt 0:03:14]} bxc4 {[%emt 0:00:14]} 23. bxc4 {[%emt 0:00:37]} Nce8 {[%emt 0:00:07]} 24. fxg6 {[%emt 0:03:23]} fxg6 {[%emt 0:00:15]} 25. Qf2 {[%emt 0:01:15]} h6 {[%emt 0:03:49]} 26. Bxf6 {[%emt 0:02:12]} Rxf6 {[%emt 0:00:28]} 27. Ng4 {[%emt 0:01:30]} Rxf4 {[%emt 0:08:41]} 28. Qxf4 {[%emt 0:00:32]} Bd4+ {[%emt 0:04:26]} 29. Kh1 {[%emt 0:00:21]} Qg7 {[%emt 0:00:11]} 30. Nxh6+ {[%emt 0:03:40]} Kh7 {[%emt 0:00:09]} 31. Nf5 {[%emt 0:00:56]} gxf5 {[%emt 0:01:59]} 32. Bxf5+ {[%emt 0:00:44]} Kg8 {[%emt 0:00:06]} 33. Be6+ {[%emt 0:00:37]} Kh7 {[%emt 0:00:15]} 34. Qh4+ {[%emt 0:01:01]} Qh6 {[%emt 0:01:13]} 35. Qe4+ {[%emt 0:10:37]} Kh8 {[%emt 0:00:45]} 36. Ne2 {[%emt 0:02:42]} Nf6 {[%emt 0:00:39]} 37. Qf5 {[%emt 0:01:51]} Be5 {[%emt 0:00:22]} 38. Nf4 {[%emt 0:02:05]} Kg7 {[%emt 0:00:37]} 39. Bd7 {[%emt 0:02:26]} Bxf4 {[%emt 0:02:13]} 40. Rxf4 {[%emt 0:00:35]} Rf8 {[%emt 0:00:31]} 41. Rf3 {[%emt 0:06:52]} Qg6 {[%emt 0:11:17]} 42. Qe6 {[%emt 0:00:36]} Qf7 {[%emt 0:00:16]} 43. Qxd6 {[%emt 0:01:18]} Qxd7 {[%emt 0:03:34]} 44. Rxf6 {[%emt 0:00:11]} Qxd6 {[%emt 0:01:18]} 45. Rxd6 {[%emt 0:00:02]} Rf6 {[%emt 0:00:37]} 46. Rd7+ {[%emt 0:00:44]} Rf7 {[%emt 0:00:07]} 47. Rd6 {[%emt 0:00:14]} Kf8 {[%emt 0:01:26]} 48. g4 {[%emt 0:00:55]} Ke7 {[%emt 0:01:14]} 49. Rb6 {[%emt 0:00:14]} Kd8 {[%emt 0:00:08]} 50. Rb5 {[%emt 0:01:32]} Rc7 {[%emt 0:00:32]} 51. Ra5 {[%emt 0:01:02]} Ke7 {[%emt 0:00:44]} 52. Kh2 {[%emt 0:00:13]} Kd6 {[%emt 0:00:12]} 53. Kg3 {[%emt 0:01:22]} Ke5 {[%emt 0:00:18]} 54. h4 {[%emt 0:01:03]} Kd4 {[%emt 0:00:35]} 55. Ra4 {[%emt 0:00:17]} Re7 {[%emt 0:01:45]} 56. h5 {[%emt 0:00:28]} Bc8 {[%emt 0:03:19]} 57. Ra8 {[%emt 0:04:38]} Bd7 {[%emt 0:01:02]} 58. Ra7 {[%emt 0:02:25]} Kxc4 {[%emt 0:06:28]} 59. d6 {[%emt 0:01:51]} Rg7 {[%emt 0:00:12]} 60. h6 {[%emt 0:04:40]} Rxg4+ {[%emt 0:00:16]} 61. Kf3 {[%emt 0:00:15]} Rh4 {[%emt 0:01:47]} 62. Rxd7 {[%emt 0:01:36]} Rxh6 {[%emt 0:00:09]} 63. Ke4 {[%emt 0:00:15]} Re6+ {[%emt 0:00:24]} 64. Kf5 {[%emt 0:00:12]} Kd5 {[%emt 0:01:42]} 65. Rd8 {[%emt 0:01:17]} c4 {[%emt 0:01:46]} 66. d7 {[%emt 0:00:20]} Rd6 {[%emt 0:00:18]} 67. Kf4 {[%emt 0:01:22]} Kd4 {[%emt 0:00:16]} 68. Kf3 {[%emt 0:00:22]} Kd3 {[%emt 0:00:24]} 69. Kf4 {[%emt 0:01:38]} Rd5 {[%emt 0:00:16]} 70. Rh8 {[%emt 0:03:11]} Rxd7 {[%emt 0:00:12]} 71. Rh3+ {[%emt 0:00:41]} Kc2 {[%emt 0:00:18]} 0-1

[Event "8th Amsterdam Summer Open-A 2018"]
[Site "Amsterdam"]
[Date "2018.07.14"]
[Round "8"]
[White "Kohler, Aran"]
[Black "Cornelisse, John"]
[Result "0-1"]
[WhiteElo "2175"]
[BlackElo "2132"]
[Annotator "NA"]
[PlyCount "94"]
[EventDate "2018.07.07"]
[EventType "swiss"]
[EventCountry "NED"]
[SourceTitle "playchess.com"]
[Source "ChessBase"]
[SourceQuality "1"]
[TimeControl "40/5400+30:1800+30"]

1. d4 {[%emt 0:00:00]} g6 {[%emt 0:00:00]} 2. c3 {[%emt 0:00:00]} Bg7 {[%emt 0:00:00]} 3. Bg5 {[%emt 0:00:00]} d6 {[%emt 0:00:41] A40: Unusual replies to 1 d4} 4. Nd2 {[%emt 0:00:00]} Nd7 {[%emt 0:00:22]} 5. e3 {[%emt 0:00:06]} Ngf6 {[%emt 0:01:02]} 6. Bd3 {[%emt 0:00:07]} c6 {[%emt 0:00:37]} 7. h4 $146 {[%emt 0:00:20]} ({Predecessor:} 7. Bh4 Qc7 8. Ne2 O-O 9. Ne4 Nxe4 10. Bxe4 e5 11. Bc2 h6 12. f4 {0-1 (43) Chernin,A (2600)-Kovalev,A (2580) Tilburg 1992}) 7... h6 {[%emt 0:06:53]} 8. Bxf6 {[%emt 0:01:25]} Nxf6 {[%emt 0:00:35]} 9. Qc2 {[%emt 0:01:09]} e5 {[%emt 0:08:28]} (9... O-O $15) 10. dxe5 {[%emt 0:00:09]} dxe5 {[%emt 0:00:06]} 11. h5 {[%emt 0:03:05]} gxh5 {[%emt 0:07:18]} 12. O-O-O {[%emt 0:00:26]} Qe7 {[%emt 0:04:20]} 13. f3 {[%emt 0:02:20]} Nd5 {[%emt 0:02:41]} 14. Nf1 {[%emt 0:05:24]} h4 {[%emt 0:01:33]} 15. Qf2 {[%emt 0:01:52]} Bf6 {[%emt 0:03:04]} 16. Ne2 {[%emt 0:02:56]} Qc5 {[%emt 0:03:21]} 17. Rxh4 {[%emt 0:01:03]} Bxh4 {[%emt 0:01:38]} 18. Qxh4 {[%emt 0:00:06]} Qe7 {[%emt 0:00:19]} ({Nicht} 18... Nxe3 19. Qf2 $16) 19. Qf2 {[%emt 0:02:17]} Be6 {[%emt 0:01:04]} 20. f4 {[%emt 0:00:45]} Nb6 {[%emt 0:06:54]} 21. Bb1 {[%emt 0:03:08]} Rd8 {[%emt 0:02:47]} 22. Rxd8+ $19 {[%emt 0:00:50]} Kxd8 {[%emt 0:01:31]} 23. fxe5 {[%emt 0:01:13]} Bc4 {[%emt 0:06:20]} 24. Nd4 {[%emt 0:02:42]} Qxe5 {[%emt 0:02:22]} 25. Nd2 {[%emt 0:00:48]} Re8 {[%emt 0:07:44]} 26. b3 {[%emt 0:03:59]} Be6 {[%emt 0:09:17]} 27. N2f3 {[%emt 0:03:54]} Qf6 {[%emt 0:00:44]} 28. Qg3 {[%emt 0:00:23]} Kc8 {[%emt 0:03:02]} 29. Kb2 {[%emt 0:00:22]} Bd7 {[%emt 0:01:52]} 30. e4 {[%emt 0:00:14]} Qg6 {[%emt 0:04:00]} 31. Qh2 {[%emt 0:00:28]} Rg8 {[%emt 0:00:42]} 32. Bc2 {[%emt 0:00:18]} Qxg2 {[%emt 0:00:56]} 33. Qxh6 {[%emt 0:00:11]} c5 {[%emt 0:00:27]} 34. Nf5 {[%emt 0:04:04]} Bxf5 {[%emt 0:00:27]} 35. Nh4 {[%emt 0:00:04]} Qg5 {[%emt 0:01:42]} 36. Nxf5 {[%emt 0:00:32]} Qxh6 {[%emt 0:00:05]} 37. Nxh6 {[%emt 0:00:03]} Rf8 {[%emt 0:00:03]} 38. e5 {[%emt 0:00:27]} Kc7 {[%emt 0:01:48]} 39. c4 {[%emt 0:02:05]} Nd7 {[%emt 0:00:41]} 40. Nxf7 {[%emt 0:00:10]} Rxf7 {[%emt 0:00:42]} 41. e6 {[%emt 0:30:05]} Rf2 {[%emt 0:30:34]} 42. exd7 {[%emt 0:00:11]} Kxd7 {[%emt 0:00:03]} 43. a3 {[%emt 0:00:36]} Kd6 {[%emt 0:06:02]} 44. Kc3 {[%emt 0:00:23]} Ke5 {[%emt 0:00:54]} 45. Bd1 {[%emt 0:01:17]} Rg2 {[%emt 0:00:52]} 46. Bc2 {[%emt 0:03:44]} Rg3+ {[%emt 0:00:20]} 47. Bd3 {[%emt 0:00:07]} a5 {[%emt 0:00:15]} 0-1

[Event "8th Amsterdam Summer Open-A 2018"]
[Site "Amsterdam"]
[Date "2018.07.14"]
[Round "8"]
[White "Mesman, Edwyn"]
[Black "Grooten, Herman"]
[Result "1/2-1/2"]
[WhiteElo "2100"]
[BlackElo "2384"]
[Annotator "NA"]
[PlyCount "114"]
[EventDate "2018.07.07"]
[EventType "swiss"]
[EventCountry "NED"]
[SourceTitle "playchess.com"]
[Source "ChessBase"]
[SourceQuality "1"]
[TimeControl "40/5400+30:1800+30"]

1. d4 {[%emt 0:00:07]} Nf6 {[%emt 0:00:00]} 2. c4 {[%emt 0:00:10]} e6 {[%emt 0:00:00]} 3. Nc3 {[%emt 0:00:15]} Bb4 {[%emt 0:00:00]} 4. Qc2 {[%emt 0:00:19]} c5 {[%emt 0:00:14]} 5. dxc5 {[%emt 0:00:07]} Bxc5 {[%emt 0:00:28]} 6. Nf3 {[%emt 0:01:05]} Qb6 {[%emt 0:00:18]} 7. e3 {[%emt 0:00:07]} Qc7 {[%emt 0:00:09]} 8. g4 {[%emt 0:06:26]} h6 {[%emt 0:00:44]} 9. Rg1 {[%emt 0:01:54]} b6 {[%emt 0:00:43]} 10. Be2 {[%emt 0:03:17]} Bb7 {[%emt 0:00:20]} 11. Bd2 {[%emt 0:03:45]} a6 {[%emt 0:00:54]} 12. h4 {[%emt 0:04:19]} h5 {[%emt 0:02:03]} 13. g5 {[%emt 0:00:39]} Ng4 {[%emt 0:00:15]} 14. Rc1 {[%emt 0:10:06]} Be7 {[%emt 0:03:33]} 15. a3 {[%emt 0:02:41]} d6 {[%emt 0:04:43]} 16. Nd4 {[%emt 0:18:57]} Qd7 {[%emt 0:07:17]} 17. Ne4 {[%emt 0:05:55]} Nc6 {[%emt 0:01:54]} 18. Nxc6 {[%emt 0:01:50]} Bxc6 {[%emt 0:00:47]} 19. Bc3 {[%emt 0:01:28]} Qb7 {[%emt 0:05:58]} 20. Ng3 {[%emt 0:02:43]} e5 {[%emt 0:04:58]} 21. g6 {[%emt 0:10:50]} Bxh4 {[%emt 0:02:56]} 22. Qf5 {[%emt 0:04:44]} fxg6 {[%emt 0:05:01]} 23. Qe6+ {[%emt 0:01:38]} Qe7 {[%emt 0:00:31]} 24. Bxg4 {[%emt 0:00:33]} hxg4 {[%emt 0:00:34]} 25. Qxg6+ {[%emt 0:00:15]} Kf8 {[%emt 0:26:53]} 26. Nf5 {[%emt 0:02:22]} Qf6 {[%emt 0:00:33]} 27. Qxg4 {[%emt 0:00:18]} Bd7 {[%emt 0:03:29]} 28. e4 {[%emt 0:01:38]} Bxf5 {[%emt 0:04:42]} 29. exf5 {[%emt 0:00:14]} Kg8 {[%emt 0:01:45]} 30. Rd1 {[%emt 0:01:34]} Rd8 {[%emt 0:01:47]} 31. Rd5 {[%emt 0:02:16]} Rh7 {[%emt 0:01:16]} 32. Rg2 {[%emt 0:04:03]} Qh6 {[%emt 0:04:05]} 33. Qg6 {[%emt 0:05:07]} Be7 {[%emt 0:05:32]} 34. Bd2 {[%emt 0:00:55]} Qh1+ {[%emt 0:04:08]} 35. Ke2 {[%emt 0:00:45]} Kh8 {[%emt 0:02:03]} 36. Rd3 {[%emt 0:01:49]} Qh5+ {[%emt 0:04:06]} 37. Ke1 {[%emt 0:00:05]} Rf8 {[%emt 0:00:16]} 38. Qxh5 {[%emt 0:02:04]} Rxh5 {[%emt 0:00:01]} 39. Rdg3 {[%emt 0:00:17]} Rhxf5 {[%emt 0:01:49]} 40. Rxg7 {[%emt 0:01:20]} Rxf2 {[%emt 0:00:57]} 41. Rg8+ {[%emt 0:12:51]} Rxg8 {[%emt 0:00:32]} 42. Rxg8+ {[%emt 0:00:10]} Kxg8 {[%emt 0:00:06]} 43. Kxf2 {[%emt 0:00:04]} b5 {[%emt 0:07:46]} 44. b3 {[%emt 0:01:44]} bxc4 {[%emt 0:02:21]} 45. bxc4 {[%emt 0:00:07]} d5 {[%emt 0:02:39]} 46. cxd5 {[%emt 0:00:52]} Bxa3 {[%emt 0:00:06]} 47. Bc3 {[%emt 0:05:07]} Bd6 {[%emt 0:00:52]} 48. Kf3 {[%emt 0:00:20]} Kf7 {[%emt 0:00:42]} 49. Ke4 {[%emt 0:00:10]} Kf6 {[%emt 0:00:13]} 50. Ba5 {[%emt 0:00:41]} Bb8 {[%emt 0:01:07]} 51. Bd8+ {[%emt 0:00:27]} Kg6 {[%emt 0:04:38]} 52. Ba5 {[%emt 0:00:48]} Bd6 {[%emt 0:00:22]} 53. Bc3 {[%emt 0:00:48]} Kf6 {[%emt 0:00:24]} 54. Ba5 {[%emt 0:00:45]} Bb8 {[%emt 0:00:34]} 55. Bd8+ {[%emt 0:00:13]} Kf7 {[%emt 0:00:27]} 56. Ba5 {[%emt 0:00:23]} Ke7 {[%emt 0:04:57]} 57. Bc3 {[%emt 0:01:08]} Bd6 {[%emt 0:01:38]} 1/2-1/2

[Event "8th Amsterdam Summer Open-A 2018"]
[Site "Amsterdam"]
[Date "2018.07.14"]
[Round "8"]
[White "Kossen, Johannes"]
[Black "Elgersma, Simon"]
[Result "1/2-1/2"]
[WhiteElo "2095"]
[BlackElo "2263"]
[Annotator "NA"]
[PlyCount "60"]
[EventDate "2018.07.07"]
[EventType "swiss"]
[EventCountry "NED"]
[SourceTitle "playchess.com"]
[Source "ChessBase"]
[SourceQuality "1"]
[TimeControl "40/5400+30:1800+30"]

1. d4 Nf6 {[%emt 0:00:10]} 2. c4 {[%emt 0:00:28]} g6 {[%emt 0:00:00]} 3. Nf3 {[%emt 0:00:19]} Bg7 {[%emt 0:00:11]} 4. g3 {[%emt 0:00:10]} d6 {[%emt 0:00:04]} 5. Bg2 {[%emt 0:00:07]} O-O {[%emt 0:00:04]} 6. O-O {[%emt 0:00:08]} Bf5 {[%emt 0:00:03]} 7. Nh4 {[%emt 0:04:54]} Be4 {[%emt 0:00:09]} 8. f3 {[%emt 0:01:45]} Bc6 {[%emt 0:00:10]} 9. Nc3 {[%emt 0:02:01]} e5 {[%emt 0:04:16]} 10. d5 {[%emt 0:04:45]} Bd7 {[%emt 0:01:09]} 11. e4 {[%emt 0:00:43]} Nh5 {[%emt 0:09:49]} 12. Bd2 {[%emt 0:10:40]} a5 {[%emt 0:08:07]} 13. Qc2 {[%emt 0:13:35]} Na6 {[%emt 0:04:01]} 14. Be3 $11 {[%emt 0:09:36]} f5 {[%emt 0:11:54]} 15. Bh3 {[%emt 0:04:40]} Nf4 {[%emt 0:08:47]} 16. Bxf4 {[%emt 0:01:10]} exf4 {[%emt 0:01:10]} 17. exf5 {[%emt 0:02:32]} Bd4+ {[%emt 0:05:19]} 18. Kh1 {[%emt 0:00:35]} fxg3 {[%emt 0:03:09]} 19. hxg3 {[%emt 0:00:36]} g5 {[%emt 0:00:40]} 20. Ng2 {[%emt 0:00:35]} Qf6 {[%emt 0:01:43]} 21. Ne1 {[%emt 0:09:49]} Nb4 {[%emt 0:06:39]} 22. Qd2 {[%emt 0:00:00]} Bxf5 {[%emt 0:09:11]} 23. Bxf5 {[%emt 0:00:00]} Qxf5 {[%emt 0:00:24]} 24. Qxd4 {[%emt 0:00:00]} Qh3+ {[%emt 0:01:37]} 25. Kg1 {[%emt 0:00:00]} Nc2 {[%emt 0:00:44]} 26. Nxc2 {[%emt 0:00:51]} Qxg3+ {[%emt 0:00:29]} 27. Kh1 {[%emt 0:00:04]} Qh3+ {[%emt 0:00:27]} 28. Kg1 {[%emt 0:00:06]} Qg3+ {[%emt 0:01:23]} 29. Kh1 {[%emt 0:00:05]} Qh3+ {[%emt 0:06:00]} 30. Kg1 {[%emt 0:00:03]} Qg3+ {[%emt 0:00:26]} 1/2-1/2